| 000 | 03224njm a2200469Ia 4500 | ||
|---|---|---|---|
| 001 | 73275 | ||
| 003 | IT-RoPAU | ||
| 005 | 20220918181119.0 | ||
| 008 | 131025s9999 xx 000 0 und d | ||
| 040 | _aIT-RoPAU | ||
| 040 | _cIT-RoPAU | ||
| 041 | _aPOLACCO | ||
| 999 |
_c99633 _d99633 |
||
| 999 | _bn.d. | ||
| 100 |
_aAA.VV. _9794 |
||
| 100 |
_eAutore musica _924878 |
||
| 100 |
_gCodice autore musica SPICS: 12000 _9796 |
||
| 245 | _aZ Archiwum Polskiego Beatu vol. 12 (Lp Sx 2397) | ||
| 250 | _a1a ed. | ||
| 260 | _aPOLONIA | ||
| 260 |
_bMUZA _c1987 [1a Ed.:1968 - Ed. Lingua Orig.: 1968] |
||
| 300 | _aDISCO | ||
| 500 | _aMusica leggera polacca. Canzone polacca | ||
| 505 | _aU Nas Najweselej (Da noi è più allegro) - Krajobrazy (Il panorama) - Zrob To Dla Mnie (Fallo per me) - Odjechalas Nie Wiem Sam Dokad (Sei partita non so per dove) - Chce Po Twoich Poznac Oczach (Voglio capire guardando nei tuoi occhi) - Znamy Sie Tylko Z Widzenia (Ci conosciamo solo di vista) - Wrocimy Kiedys Znow (Torneremo) - Powiedz Kim Jestes (Dimmi chi sei) - Na Mazowszu - Bylas Tu (Eri qui) - A Wiec Nie (Allora no) - Sloneczniki Kwiaty (Girasoli fiori) - Chlopiec Twoj (Ragazzo tuo) | ||
| 650 |
_aMUSICA POLACCA [DISCHI] _eCodice MATERIA SPICS: 9950 _924879 |
||
| 700 |
_aTrubadurzy _gCodice interprete SPICS: 25571 _eInterprete _924880 |
||
| 700 |
_aPoznakowski R. _gCodice autore musica SPICS: 25103 _eAutore musica _pU Nas Najweselej - Krajobrazy - Odjechalas Nie Wiem Sam Dokad - Znamy Sie Tylko Z Widzenia - Wrocimy Kiedys Znow - Powiedz Kim Jestes - Na Mazowszu - Bylas Tu _924881 |
||
| 700 |
_aWinkler K. _gCodice autore testo/musica SPICS: 25189 _eAutore testo/musica _pU Nas Najweselej - A Wiec Nie _924882 |
||
| 700 |
_aKondratowicz J. _gCodice autore testo/musica SPICS: 25196 _eAutore testo/musica _pKrajobrazy - Odjechalas Nie Wiem Sam Dokad - Powiedz Kim Jestes - Na Mazowszu _924883 |
||
| 700 |
_aKrawczyk Krzysztof _gCodice autore musica SPICS: 25171 _eAutore musica _pZrob To Dla Mnie _924884 |
||
| 700 |
_aLichtman M. _gCodice autore testo/musica SPICS: 25420 _eAutore testo/musica _pZrob To Dla Mnie _924885 |
||
| 700 |
_aGartner K. _gCodice autore musica SPICS: 25424 _eAutore musica _pChce Po Twoich Poznac Oczach _924886 |
||
| 700 |
_aDzikowski K. _gCodice autore testo/musica SPICS: 25190 _eAutore testo/musica _pChce Po Twoich Poznac Oczach _924887 |
||
| 700 |
_aGlogowski M. _gCodice autore testo/musica SPICS: 25510 _eAutore musica _pZnamy Sie Tylko Z Widzenia _924888 |
||
| 700 |
_aKrynicz J. _gCodice autore testo/musica SPICS: 25528 _eAutore testo/musica _pWrocimy Kiedys Znow _924889 |
||
| 700 |
_aSenar _gCodice autore testo/musica SPICS: 25514 _eAutore testo/musica _pBylas Tu _924890 |
||
| 700 |
_aMart J. _gCodice autore musica SPICS: 25446 _eAutore musica _pA Wiec Nie _924891 |
||
| 700 |
_aKowalewski S. _gCodice autore musica SPICS: 25419 _eAutore musica _pSloneczniki Kwiaty _924892 |
||
| 700 |
_aPiast A. _gCodice autore testo/musica SPICS: 25529 _eAutore testo/musica _pSloneczniki Kwiaty _924893 |
||
| 700 |
_aKorzynski Andrej _gCodice autore musica SPICS: 25095 _eAutore musica _pChlopiec Twoj _924894 |
||
| 700 |
_aMiller J. _gCodice autore testo/musica SPICS: 25498 _eAutore testo/musica _pChlopiec Twoj _924895 |
||
| 942 |
_cMD _2ddc |
||